000
00332nam a2200133Ia 4500
008
150201s2014 xx 000 0 und d
082
_a
611
_b
A2003S
100
_a
SINGH ,INDERBIR
245
_a
ANATOMY FOR DENTAL STUDENTS
250
_a
2ND
260
_b
JAYPEE BROTHERS MEDICAL PUBLISHERS
650
_a
ANATOMY
942
_2
ddc
_c
BK
_0
2
999
_c
4842
_d
4842